| 000 | 02300nam a22002657a 4500 | ||
|---|---|---|---|
| 003 | Uzh_bibl | ||
| 008 | 260514b |||||||| |||| 00| 0 ukr d | ||
| 020 |
_a978-966-03-7522-2 _c87.10 |
||
| 040 | _bукр. | ||
| 041 |
_2eng _aukr |
||
| 080 | _a821(73) | ||
| 090 |
_a821(73) _bБ 43 |
||
| 100 | _aБеллоу,Сол | ||
| 245 |
_aГерцог _cпер. з англ. В. Чайковського,худож.-оформлювач Л.П.Вировець _hТекст |
||
| 260 |
_aХарків _bФоліо _c2016 |
||
| 300 |
_a411 с. _fВ опр. |
||
| 490 | _aСерія "Карта світу" | ||
| 520 | _aСол Беллоу (1915, Канада — 2005, США) — американський письменник єврейського походження, син емігрантів з Росії, видатний романіст ХХ століття, лауреат Нобелівської премії з літератури 1976 року.<br/><br/>Роман «Герцоґ» вийшов друком у 1964 році, був відзначений Національною книжковою премією США, перекладений багатьма мовами світу. Це історія професора університету Мойсея Герцоґа, який після того, як від нього пішла дружина, забравши доньку, починає шукати сенс буття... Він пише листи, проте не надсилає їх. Його адресати — стародавні і середньовічні філософи, письменники (і вже померлі, і живі), політики (зокрема президент США), давні друзі й вороги, випадкові знайомі... Оригінальний спосіб віднайти себе, розмовляючи з людьми, які не можуть відповісти на твої запитання… | ||
| 521 | _aДля широкого кола читачів | ||
| 546 | _aукр. | ||
| 650 | _aЛітературно-художнє видання | ||
| 653 |
_aЛисти _aПошук себе _aРозлучення |
||
| 655 |
_aПроза _vРоман |
||
| 942 |
_2udc _cBK |
||
| 999 |
_c17756 _d17756 |
||